Reunión Iberoamericana para la recuperación y proteción de los archivos de los trabajadores y movimientos sociales -1992-

Gespeichert in:
Bibliographische Detailangaben
Körperschaft: AIRPATO
Format: Text
Veröffentlicht: Madrid: Pablo Iglesias
Tags: Tag hinzufügen
Keine Tags, Fügen Sie den ersten Tag hinzu!

MARC

LEADER 00000 a a2200000 04500
001 23120
003
040
020 |a 84-85691-67-9  
090 |a 159600  
110 |a AIRPATO  
245 |a Reunión Iberoamericana para la recuperación y proteción de los archivos de los trabajadores y movimientos sociales -1992-  
260 |a Madrid:   |b Pablo Iglesias  
300 |a 587 p.  
999 |c 5562  |d 5562